Anılarla gemiler ufkun ötesinde kayboldular : (Kayıt no. 15419)

MARC ayrıntıları
000 -BAŞLIK
Sabit Uzunlukta Kontrol Alanı 00894nam a22002537a 4500
999 ## - SİSTEM KONTROL NUMARALARI (KOHA)
Koha Biblionumber 15419
Koha Biblioitemnumber 15419
003 - KONTROL NUMARASI IDENTIFIER
Denetim Alanı MIRAKIL
005 - SON İŞLEM TARİHİ VE ZAMANI
Denetim Alanı 20240215132132.0
008 - SABİT-BOY VERİ ELEMANLARI - GENEL BİLGİLER
Sabit Uzunlukta Kontrol Alanı 240215b tu ||||| |||| 00| 0 tur d
020 ## - ULUSLARARASI STANDART KİTAP NUMARASI
Uluslararası Standart Kitap Numarası 9754582505
040 ## - KATALOGLAMA KAYNAK
Orijinal Kataloglama Ajansı TR-AnCHP
Metne Dönüştürmek Ajansı TR-AnCHP
041 ## - DİL KODU
Metin / Ses Parça Veya Ayrı Başlığın Dil Kodu Tur
082 ## - DEWEY ONLU SINIFLANDIRMA NUMARASI
Sınıflandırma Numarası 624.82009561
Ürün Numarası S75a 2001
090 ## - SINIFLAMA NUMARASI
Sınıflama Numarası 624.82009561 S75a 2001
100 ## - ANA GİRİŞ - KİŞİSEL İSİM
Kişisel Ad Sönmez, Oktay
245 10 - BAŞLIK TABLOSU
Başlık Anılarla gemiler ufkun ötesinde kayboldular :
Başlığın Kalan belgesel öyküler /
Sorumluluk Tablosu, Vb Oktay Sönmez
250 ## - EDITION TABLOSU
Baskı Beyanı 1. bs
260 ## - YAYIN, DAĞITIM, VB
Yayın, Dağıtım, Vb Yeri İstanbul :
Yayıncı, Dağıtıcı, Vs Adı Türkiye İş Bankası,
Yayın, Dağıtım, Vb Tarihi 2001
Üretici Firma (Mas Matbaası)
300 ## - FİZİKSEL TANIM
Kapsam 239 s. :
Diğer Fiziksel Ayrıntıları rnk. res. ;
Boyutlar 25 cm
490 0# - SERİSİ TABLOSU
Seri Beyanı Türkiye İş Bankası kültür yayınları ;
Hacim / Ardışık Tanımı genel yayın: 498.
490 0# - SERİSİ TABLOSU
Seri Beyanı Edebiyat dizisi ;
Hacim / Ardışık Tanımı 140
650 #0 - KONU KATMA GİRİŞ - TOPİKAL DÖNEM
9 (RLIN) 7567
Topikal Süreli Veya Coğrafi Ad Giriş Elemanı Belgesel öykü
Genel Alt Bölümü Gemiler
Coğrafi Alt Bölümü Türkiye
856 ## - ELEKTRONİK YER VE ERİŞİM
Kamu Notu Dijital Nüshası için Partimizin Kütüphane Sorumlusu ile iletişime geçiniz.
942 ## - EKLENDİ GİRİŞ ELEMANLARI (KOHA)
Sınıflandırma Veya Raf Düzeni Kaynak Dewey Decimal Classification
Koha Öğesi Türü Kitaplar
Mevcut
Kalıcı Konum Mevcut Konum Edinme Tarihi Toplam Check-Out'Lar Tam Çağrı Numarası Barkod Tarih Son Görülme İtibaren Geçerli Fiyatlar Koha Öğesi Türü
CHP Kütüphanesi CHP Kütüphanesi 02/15/2024   624.82009561 S75a 2001 21011 02/15/2024 02/15/2024 Kitaplar